000 00316nam a22001337a 4500
008 170622b xxu||||| |||| 00| 0 eng d
020 _a9780521438605
041 _aeng
080 _a32
100 _a21
101 _aSHP
245 _aNATIONS & POLITICS IN THE SOVIET SUCESSOR STATES
_cBREMMER,I
942 _2udc
_cBK
999 _c18808
_d18808